Historia del mundo en la Edad Media / (Record no. 121203)
[ view plain ]
| 000 -LEADER | |
|---|---|
| campo de control de longitud fija | 00934nam a2200217 i 4500 |
| 001 - NÚMERO DE CONTROL | |
| campo de control | 121203 |
| 003 - IDENTIFICADOR DE NÚMERO DE CONTROL | |
| campo de control | ES-MaACL |
| 005 - FECHA Y HORA DE LA ÚLTIMA TRANSACCIÓN | |
| campo de control | 20250815001140.0 |
| 007 - CAMPO FIJO DE DESCRIPCIÓN FÍSICA--INFORMACIÓN GENERAL | |
| campo de control de longitud fija | t| |
| 008 - DATOS DE LONGITUD FIJA--INFORMACIÓN GENERAL | |
| campo de control de longitud fija | 070214s1967 sp r ||||1| spa d |
| 100 1# - ENTRADA PRINCIPAL--NOMBRE DE PERSONA | |
| Nombre de persona | Previte-Orton, C. W. |
| 9 (RLIN) | 93812 |
| 245 10 - MENCIÓN DEL TÍTULO | |
| Título | Historia del mundo en la Edad Media / |
| Mención de responsabilidad, etc. | C. W. Previte-Orton ; traducción Manuel Riu Riu y Rafael Ballester Escala. |
| 260 ## - PUBLICACIÓN, DISTRIBUCIÓN, ETC. | |
| Lugar de publicación, distribución, etc. | Barcelona : |
| Nombre del editor, distribuidor, etc. | Ramón Sopena, |
| Fecha de publicación, distribución, etc. | 1967. |
| 300 ## - DESCRIPCIÓN FÍSICA | |
| Extensión | 3 v. ; |
| Dimensiones | 22 cm. |
| 505 8# - NOTA DE CONTENIDO CON FORMATO | |
| Nota de contenido con formato | Contiene: t. I: Desde el Bajo Imperio Romano hasta la disolución del Imperio Carolingio --- t. II: Desde la disolución del Imperio Carolingio hasta finales del siglo XIII --- v. III: Desde finales del siglo XIII hasta la transición a la Edad Moderna |
| 650 #7 - PUNTO DE ACCESO ADICIONAL DE MATERIA--TÉRMINO DE MATERIA | |
| Término de materia o nombre geográfico como elemento de entrada | Historia medieval |
| Fuente del encabezamiento o término | embne |
| 9 (RLIN) | 13411 |
| 700 1# - ENTRADA AGREGADA--NOMBRE PERSONAL | |
| Nombre de persona | Riu, Manuel. |
| 9 (RLIN) | 97501 |
| 700 1# - ENTRADA AGREGADA--NOMBRE PERSONAL | |
| Nombre de persona | Ballester Escala, Rafael. |
| 9 (RLIN) | 25013 |
| 852 ## - LOCALIZACIÓN | |
| Ubicación | ES-MaACL |
| Número de control de estantería | E-6637-39 |
| Sublocalización o colección | R.91059 |
| Estatus retirado | Estado de pérdida | Estado de daño | No para préstamo | Biblioteca de origen | Biblioteca actual | Ubicación en estantería | Fecha de adquisición | Fuente de adquisición | Total de préstamos | Signatura topográfica completa | Código de barras | Visto por última vez | Precio de reemplazo | Tipo de ítem Koha |
|---|---|---|---|---|---|---|---|---|---|---|---|---|---|---|
| Biblioteca del Ateneo de Madrid | Biblioteca del Ateneo de Madrid | Depósito 2 | 17/01/2008 | E-6637-39 | 1126318 | 23/02/2023 | 23/02/2023 | Libro impreso |
